000
00281nam a22001217a 4500
082
_a
004
_b
ARO/I
100
_a
SUMITA ARORA
245
_a
INFORMATICS PRACTICES
_b
CLASS XII
260
_a
DELHI
_b
DHANPAT RAI & CO
_c
2010
300
_a
672
650
_a
IP FOR CLASS XII
_z
INDIA
942
_c
BK
999
_c
587
_d
587